000 00637cam a2200181 a 4500
020 _a0521416922 (hardback : alk. paper)
020 _a0521427045 (pbk. : alk. paper)
040 _cDLC
082 0 0 _a306 CAM 1997 A014 Or.
100 1 _aSugimoto, Yoshio,
245 1 3 _aAn introduction to Japanese society /
260 _aCambridge ;
_aNew York :
_bCambridge University Press,
_c1997.
300 _ax, 285 p. :
_bill., map ;
_c23 cm.
650 0 _aNational characteristics, Japanese.
856 4 2 _uhttp://www.loc.gov/catdir/description/cam027/96028229.html
856 4 1 _uhttp://www.loc.gov/catdir/toc/cam028/96028229.html
942 _cEK
999 _c12873
_d12873